[Event "Xtracon Chess Open 2017"]
[Site "Helsingor DEN"]
[Date "2017.07.24"]
[Round "4.111"]
[White "Myrheim, Hakon Abeland"]
[Black "Jensen, Morten Frank"]
[Result "0-1"]
[WhiteElo "1880"]
[BlackElo "2063"]
[WhiteFideId "1526820"]
[BlackFideId "1407325"]
[EventDate "2017.07.22"]

1. e4 d5 2. exd5 Nf6 3. Bb5+ Bd7 4. Be2 Nxd5 5. d4 g6 6. c4 Nb6 7. Nc3 c6 8. h3
Bg7 9. Nf3 O-O 10. O-O Be6 11. c5 Nd5 12. Nxd5 Bxd5 13. Be3 Nd7 14. b4 b6 15.
Qd2 Re8 16. Rfc1 a5 17. b5 bxc5 18. dxc5 Bxa1 19. Rxa1 Bxf3 20. Bxf3 Ne5 21. b6
Nxf3+ 22. gxf3 Qxd2 23. Bxd2 f6 24. Rb1 Red8 25. b7 Rab8 26. Bxa5 Rd7 27. Bb6
Rdxb7 28. a4 Ra8 29. Ra1 Rd7 30. a5 Ra6 31. Kf1 Kf7 32. Ke2 Rd5 33. h4 Ke6 34.
Ke3 Kd7 35. Rc1 Kc8 36. Ra1 Kd7 37. Rc1 Ra8 38. Ra1 Ra6 39. Rc1 Ke6 40. Ra1 Re5+
41. Kd3 Kf5 42. Ra4 Rd5+ 43. Ke2 h5 44. Rc4 g5 45. Ra4 e5 46. Rc4 Rd4 47. Rxd4
exd4 48. Kd3 gxh4 49. Bc7 h3 50. Kxd4 Rxa5 51. Kd3 Rxc5 52. Bh2 Rc1 53. Kd2 Rh1
54. Bg3 Rg1 55. Bh2 Rg2 0-1

[Event "Xtracon Chess Open 2017"]
[Site "Helsingor DEN"]
[Date "2017.07.24"]
[Round "4.112"]
[White "Nielsen, Jorgen Lovgren"]
[Black "Erikstad, Olav"]
[Result "1-0"]
[WhiteElo "2063"]
[BlackElo "1781"]
[WhiteFideId "1403850"]
[BlackFideId "1504983"]
[EventDate "2017.07.22"]

1. e4 c6 2. d4 d5 3. Nc3 dxe4 4. Nxe4 Nf6 5. Nxf6+ exf6 6. Nf3 Bf5 7. Bd3 Be7 8.
O-O Bxd3 9. Qxd3 O-O 10. Re1 Re8 11. Bf4 Nd7 12. c4 Nc5 13. Qc3 Ne6 14. Be3 Bd6
15. Rad1 Bf4 16. d5 cxd5 17. cxd5 Bxe3 18. dxe6 Bxf2+ 19. Kxf2 Qb6+ 20. Qd4 fxe6
21. Qxb6 axb6 22. a3 Rac8 23. Rd7 Rc2+ 24. Re2 Rec8 25. Ne1 Rxe2+ 26. Kxe2 e5
27. Rxb7 Rc6 28. Kd2 Rd6+ 29. Kc3 Rc6+ 30. Kb3 f5 31. Nd3 e4 32. Rb8+ 1-0

[Event "Xtracon Chess Open 2017"]
[Site "Helsingor DEN"]
[Date "2017.07.24"]
[Round "4.113"]
[White "Kalveus, Jan"]
[Black "Salerno, Christian"]
[Result "1/2-1/2"]
[WhiteElo "1856"]
[BlackElo "2056"]
[WhiteFideId "1721682"]
[BlackFideId "1310810"]
[EventDate "2017.07.22"]

1. d4 Nf6 2. Nf3 g6 3. e3 d5 4. Bd3 c5 5. b3 Bg7 6. Bb2 O-O 7. Nbd2 b6 8. O-O
Bb7 9. Ne5 Nc6 10. Nxc6 Bxc6 11. Nf3 Nd7 12. Qe2 Qc7 13. Rac1 Rfe8 14. c4 e5 15.
cxd5 Bxd5 16. dxe5 Nxe5 17. Nxe5 Bxe5 18. Bxe5 Qxe5 19. Bc4 a5 20. Bxd5 Qxd5 21.
Rfd1 Qe6 22. Rd3 a4 23. Rcd1 axb3 24. axb3 Reb8 25. h4 Qe5 26. Rd5 Qe4 27. h5
Qh4 28. Qf3 Rd8 29. g3 Qe7 30. h6 Rxd5 31. Qxd5 Re8 32. Ra1 Qf8 33. Ra7 Re7 34.
Ra8 Re8 35. Ra7 Re7 36. Ra8 Re8 1/2-1/2

[Event "Xtracon Chess Open 2017"]
[Site "Helsingor DEN"]
[Date "2017.07.24"]
[Round "4.114"]
[White "Subramanian, Aditya"]
[Black "Rasmussen, Henning2"]
[Result "1-0"]
[WhiteElo "2054"]
[BlackElo "1770"]
[WhiteFideId "1718924"]
[BlackFideId "1410962"]
[EventDate "2017.07.22"]

1. Nf3 Nf6 2. c4 g6 3. d4 Bg7 4. e3 d6 5. Nc3 O-O 6. Be2 Nbd7 7. O-O c6 8. b4 e5
9. Qc2 exd4 10. exd4 Re8 11. Bd3 Nf8 12. h3 d5 13. c5 Be6 14. Bf4 N6d7 15. Rfc1
f6 16. b5 Bf7 17. bxc6 bxc6 18. Qa4 Nb8 19. Rab1 Nfd7 20. Rb7 a6 21. Rcb1 g5 22.
Bc7 Qe7 23. Bxb8 Raxb8 24. Qxc6 Rxb7 25. Rxb7 Be6 26. Nxd5 1-0

[Event "Xtracon Chess Open 2017"]
[Site "Helsingor DEN"]
[Date "2017.07.24"]
[Round "4.115"]
[White "Fossan, Benjamin"]
[Black "Saren, Bjorn"]
[Result "1/2-1/2"]
[WhiteElo "1855"]
[BlackElo "2051"]
[WhiteFideId "1518100"]
[BlackFideId "1712071"]
[EventDate "2017.07.22"]

1. e4 c5 2. Nf3 d6 3. Bb5+ Nd7 4. d4 cxd4 5. Qxd4 Nf6 6. Bg5 a6 7. Bxd7+ Bxd7 8.
Nc3 e6 9. O-O-O Be7 10. e5 dxe5 11. Nxe5 Bc6 12. Nxc6 bxc6 13. Qxd8+ Bxd8 14.
Rd6 Rc8 15. Kb1 Be7 16. Rd2 Ne4 17. Nxe4 1/2-1/2

[Event "Xtracon Chess Open 2017"]
[Site "Helsingor DEN"]
[Date "2017.07.24"]
[Round "4.116"]
[White "Stam, Bart"]
[Black "Roder, Peter Ulrik"]
[Result "1/2-1/2"]
[WhiteElo "1854"]
[BlackElo "2048"]
[WhiteFideId "1006240"]
[BlackFideId "1402471"]
[EventDate "2017.07.22"]

1. e4 e6 2. d4 d5 3. Nc3 dxe4 4. Nxe4 Nf6 5. Nxf6+ Qxf6 6. Nf3 h6 7. Bd3 Bd6 8.
Be3 O-O 9. Qd2 Nd7 10. O-O-O e5 11. h4 Re8 12. dxe5 Nxe5 13. Nxe5 Bxe5 14. c3 1/2-1/2

[Event "Xtracon Chess Open 2017"]
[Site "Helsingor DEN"]
[Date "2017.07.24"]
[Round "4.117"]
[White "Karlsson, Ulf"]
[Black "Overmark, Ole"]
[Result "1-0"]
[WhiteElo "2036"]
[BlackElo "1767"]
[WhiteFideId "1721674"]
[BlackFideId "1410776"]
[EventDate "2017.07.22"]

1. e4 e6 2. d3 d5 3. Nd2 c5 4. g3 Nc6 5. Bg2 Nf6 6. Ngf3 Be7 7. O-O O-O 8. Re1
b6 9. e5 Nd7 10. Nf1 Bb7 11. c3 Rb8 12. h4 d4 13. c4 Nb4 14. N1h2 Re8 15. Bf4
Nf8 16. h5 Nc6 17. Ng4 Nd7 18. Qd2 b5 19. b3 bxc4 20. bxc4 Qa5 21. Qe2 Nb4 22.
a3 Na6 23. Nd2 Bxg2 24. Kxg2 Rb2 25. Nh2 f5 26. Nhf1 Qd8 27. Rab1 Rxb1 28. Rxb1
Nb6 29. Nf3 Na4 30. Qc2 Nc3 31. Rb3 Qd7 32. Bd2 Na4 33. Rb5 Nb6 34. Qd1 Nc7 35.
Rb2 Rb8 36. N1h2 Qe8 37. Ng5 Nd7 38. Rxb8 Qxb8 39. Nhf3 h6 40. Nh3 Qe8 41. Qa4
a6 42. Qc6 Bd8 43. Ba5 Na8 44. Qxa8 1-0

[Event "Xtracon Chess Open 2017"]
[Site "Helsingor DEN"]
[Date "2017.07.24"]
[Round "4.118"]
[White "Satre, Roger"]
[Black "Schrodt, Sebastian"]
[Result "0-1"]
[WhiteElo "1832"]
[BlackElo "2007"]
[WhiteFideId "1510320"]
[BlackFideId "24675563"]
[EventDate "2017.07.22"]

1. e4 c5 2. Nc3 Nc6 3. g3 g6 4. Bg2 Bg7 5. d3 d6 6. Be3 Rb8 7. Qd2 b5 8. Nge2 b4
9. Nd1 Nf6 10. Bh6 O-O 11. Bxg7 Kxg7 12. Ne3 Ng4 13. O-O Nxe3 14. fxe3 e5 15. c3
a5 16. d4 Ba6 17. Rf2 Qb6 18. Rd1 bxc3 19. bxc3 Qb2 20. dxe5 Qxd2 21. Rxd2 Nxe5
22. Rxd6 Bc4 23. Rd2 Ng4 24. Rf3 Rb1+ 25. Bf1 Ne5 26. Rf2 Nd3 27. Rf3 Rd8 28.
Nf4 Ne5 29. Rxd8 Nxf3+ 30. Kg2 Rxf1 31. Rc8 Ne1+ 32. Kh3 Rxf4 33. Rxc5 Be6+ 34.
g4 Rf3+ 35. Kh4 Ng2+ 36. Kg5 h6# 0-1

[Event "Xtracon Chess Open 2017"]
[Site "Helsingor DEN"]
[Date "2017.07.24"]
[Round "4.119"]
[White "Magnusson, Magnus"]
[Black "Winther, Bjarke Rosenborg"]
[Result "1-0"]
[WhiteElo "2005"]
[BlackElo "1741"]
[WhiteFideId "2302128"]
[BlackFideId "1447173"]
[EventDate "2017.07.22"]

1. e4 c5 2. Nc3 d6 3. g3 Nc6 4. Bg2 g6 5. d3 Bg7 6. Be3 Rb8 7. Qd2 Nf6 8. Bh6
O-O 9. Bxg7 Kxg7 10. f4 b5 11. e5 Nd4 12. exf6+ exf6 13. Nf3 Re8+ 14. Kf1 b4 15.
Ne4 Nb5 16. c4 bxc3 17. Nxc3 Nc7 18. Re1 Ba6 19. Rxe8 Qxe8 20. Kf2 1-0

[Event "Xtracon Chess Open 2017"]
[Site "Helsingor DEN"]
[Date "2017.07.24"]
[Round "4.120"]
[White "Nordin, Eric"]
[Black "Thybo, Thomas Sondergaard"]
[Result "1-0"]
[WhiteElo "1781"]
[BlackElo "1999"]
[WhiteFideId "1711822"]
[BlackFideId "1441299"]
[EventDate "2017.07.22"]

1. e4 c6 2. d4 d5 3. Nc3 dxe4 4. Nxe4 Bf5 5. Ng3 Bg6 6. h4 h6 7. Nf3 Nd7 8. h5
Bh7 9. Bd3 Bxd3 10. Qxd3 e6 11. Bd2 Ngf6 12. O-O-O Be7 13. Ne4 Nxe4 14. Qxe4 Nf6
15. Qe2 Qd5 16. c4 Qf5 17. Ne5 c5 18. d5 Ne4 19. dxe6 Qxe5 20. exf7+ Kxf7 21. f4
Qd4 22. Rhe1 Bf6 23. Bc3 Nxc3 24. Qe6+ Kf8 25. Rxd4 Nxa2+ 26. Kb1 cxd4 27. Kxa2
Rd8 28. g4 d3 29. Rd1 a5 30. Qf5 Ke7 31. g5 hxg5 32. fxg5 Bd4 33. Qe4+ 1-0

[Event "Xtracon Chess Open 2017"]
[Site "Helsingor DEN"]
[Date "2017.07.24"]
[Round "4.121"]
[White "Fossan, Andreas"]
[Black "Solli, Oddvar"]
[Result "1/2-1/2"]
[WhiteElo "1998"]
[BlackElo "1738"]
[WhiteFideId "1516108"]
[BlackFideId "1501208"]
[EventDate "2017.07.22"]

1. d4 Nf6 2. c4 e6 3. Nc3 Bb4 4. f3 c5 5. a3 Bxc3+ 6. bxc3 O-O 7. Nh3 d6 8. Nf2
b6 9. e4 Nc6 10. Be3 Na5 11. Bd3 Ba6 12. Qe2 Rc8 13. d5 Qd7 14. a4 Rfe8 15. O-O
Nb3 16. Ra3 Na5 17. Rd1 e5 18. Bg5 Nh5 19. g3 g6 20. Ng4 Kg7 21. Bh6+ Kh8 22.
Nf2 f6 23. Bc1 Re7 24. Kh1 Rce8 25. Rf1 Rf7 26. Ra2 Ng7 27. Re1 f5 28. Kg2 Rg8
29. Nh3 Re8 30. Bh6 fxe4 31. Bxg7+ Kxg7 32. Qxe4 Qf5 33. Rae2 Qxe4 34. Rxe4 h6
35. f4 Rfe7 36. Nf2 h5 37. h3 Kf8 38. g4 exf4 39. Rxf4+ Kg7 40. Rxe7+ Rxe7 41.
gxh5 gxh5 42. Kg3 1/2-1/2

[Event "Xtracon Chess Open 2017"]
[Site "Helsingor DEN"]
[Date "2017.07.24"]
[Round "4.122"]
[White "Schouten, Ken Ronny"]
[Black "Bremer, Erik"]
[Result "1/2-1/2"]
[WhiteElo "1225"]
[BlackElo "1488"]
[WhiteFideId "1533010"]
[BlackFideId "1411578"]
[EventDate "2017.07.22"]

1. e4 e6 2. Nf3 d5 3. Nc3 Nf6 4. d3 dxe4 5. Nd2 exd3 6. Bxd3 Be7 7. O-O O-O 8.
Nde4 Nbd7 9. Be3 c6 10. Qf3 Ne5 11. Qe2 Nxd3 12. cxd3 Nd5 13. Bc5 Bxc5 14. Nxc5
Nf6 15. Rad1 Nd5 16. N3e4 b6 17. Nb3 Bb7 18. Nd4 Nf4 19. Qe3 Nd5 20. Qe2 Nb4 21.
a3 Qxd4 22. axb4 Qxb4 23. d4 Qe7 24. Qh5 h6 25. Rfe1 Rad8 26. g4 c5 27. Ng3 Rd5
28. Re5 cxd4 29. Rxd5 Bxd5 30. Rxd4 Rc8 31. Ne4 Bxe4 32. Rxe4 Qb7 33. f3 Rc1+
34. Kg2 Rc2+ 35. Kg3 Qc7+ 36. Re5 Qd6 37. g5 Qd2 38. gxh6 Qxh6 39. Qxh6 gxh6 40.
b4 Rc7 41. Kg4 Kh7 42. f4 Rd7 43. f5 exf5+ 44. Rxf5 Kg6 45. b5 Rc7 46. h4 Rc5
47. h5+ Kg7 48. Kf4 Rxf5+ 49. Kxf5 f6 50. Ke6 f5 51. Kxf5 Kf7 52. Ke5 Ke7 53.
Kf5 Kf7 1/2-1/2

[Event "Xtracon Chess Open 2017"]
[Site "Helsingor DEN"]
[Date "2017.07.24"]
[Round "4.123"]
[White "Ski, Jonathan K."]
[Black "Samaganova, Alexandra"]
[Result "0-1"]
[WhiteElo "1771"]
[BlackElo "1992"]
[WhiteFideId "1521667"]
[BlackFideId "13800221"]
[EventDate "2017.07.22"]

1. d4 Nf6 2. Nf3 e6 3. c4 b6 4. g3 Bb7 5. Bg2 Be7 6. O-O O-O 7. Nc3 Ne4 8. Qc2
Nxc3 9. bxc3 Nc6 10. e4 Na5 11. Qe2 Ba6 12. Nd2 Nxc4 13. Nxc4 d5 14. exd5 exd5
15. Re1 Bf6 16. Qg4 Bxc4 17. Be3 Re8 18. a4 c6 19. Ra3 a5 20. h4 b5 21. axb5
cxb5 22. Rc1 Re6 23. h5 Be7 24. Raa1 Rb6 25. Qf5 a4 26. h6 gxh6 27. Bf3 Bg5 28.
Bh5 Qf6 29. Qg4 Qg7 30. f4 Be7 31. Kf2 Qxg4 32. Bxg4 a3 33. Bf5 a2 34. Rc2 b4
35. cxb4 Rxb4 36. Bd2 Rb1 37. Rc1 Rb2 38. Ke3 Ra3+ 39. Bc3 Bb4 40. Bd3 Bxc3 41.
Rxa2 Rbxa2 42. Rb1 Bd2+ 43. Kf3 Bxd3 44. Rb8+ Kg7 45. Kg4 Be2+ 46. Kf5 Rxg3 47.
Ke5 Bc4 48. Kf5 Rf3 49. Rb7 Rxf4+ 50. Ke5 Re4+ 51. Kf5 Re8 52. Rc7 Bd3+ 53. Kg4
h5+ 54. Kxh5 Bg6+ 55. Kg4 Re4+ 56. Kf3 Bh5+ 57. Kf2 Bf4+ 58. Kf1 Bxc7 59. Kg1
Re1# 0-1

[Event "Xtracon Chess Open 2017"]
[Site "Helsingor DEN"]
[Date "2017.07.24"]
[Round "4.124"]
[White "Hakansson, Stefan"]
[Black "Schouten, Mathias Lind"]
[Result "1-0"]
[WhiteElo "1976"]
[BlackElo "1734"]
[WhiteFideId "1708198"]
[BlackFideId "1532790"]
[EventDate "2017.07.22"]

1. d4 Nf6 2. Nf3 c5 3. e3 cxd4 4. exd4 d6 5. Bd3 g6 6. h3 Bg7 7. Nc3 O-O 8. O-O
b6 9. Re1 Ba6 10. Bxa6 Nxa6 11. Qe2 Nb4 12. a3 Nbd5 13. Nxd5 Nxd5 14. c4 Nc7 15.
Qxe7 Qxe7 16. Rxe7 Ne6 17. Be3 a5 18. Rb7 Rfb8 19. Rxb8+ Rxb8 20. a4 h6 21. Rd1
g5 22. Ne1 f5 23. f3 f4 24. Bf2 h5 25. Nc2 h4 26. Na3 Kf7 27. Nb5 Ke7 28. Kf1
Kd7 29. Ke2 Nc7 30. Nxc7 Kxc7 31. Kd3 d5 32. b3 Kd6 33. Re1 Bf6 34. Re2 Rc8 35.
Be1 Bg7 36. Bc3 Bh8 37. Bb2 dxc4+ 38. bxc4 Bf6 39. Ba3+ Kd7 40. d5 Re8 41. Rxe8
Kxe8 42. Ke4 Kd7 43. Kf5 Bd8 44. Bf8 Kc7 45. Bh6 Kd6 46. Bxg5 Bc7 47. Bxf4+ 1-0

[Event "Xtracon Chess Open 2017"]
[Site "Helsingor DEN"]
[Date "2017.07.24"]
[Round "4.125"]
[White "Merkesvik, Amalie Isabel"]
[Black "Hoti, Nimon"]
[Result "1/2-1/2"]
[WhiteElo "1754"]
[BlackElo "1953"]
[WhiteFideId "1514369"]
[BlackFideId "1510746"]
[EventDate "2017.07.22"]

1. e4 c6 2. d4 d5 3. exd5 cxd5 4. Bd3 Nf6 5. h3 g6 6. c3 Bg7 7. Bf4 O-O 8. Nf3
Nc6 9. Nbd2 Re8 10. O-O Nh5 11. Bh2 e5 12. dxe5 Nxe5 13. Nxe5 Bxe5 14. Bxe5 Rxe5
15. Nf3 Re8 16. Qd2 Qd6 17. Bb5 Rd8 18. Nd4 Qf4 19. Qxf4 Nxf4 20. Rfe1 a6 21.
Bf1 Kf8 22. Kh2 Rd6 23. Rad1 Bd7 1/2-1/2

[Event "Xtracon Chess Open 2017"]
[Site "Helsingor DEN"]
[Date "2017.07.24"]
[Round "4.126"]
[White "Christophersen, David"]
[Black "Huse, Sigurd Kjelsbol"]
[Result "0-1"]
[WhiteElo "1741"]
[BlackElo "1944"]
[WhiteFideId "1413619"]
[BlackFideId "1520717"]
[EventDate "2017.07.22"]

1. c4 e5 2. g3 Nc6 3. Bg2 Bc5 4. Nc3 a6 5. d3 d6 6. Nf3 Nge7 7. O-O O-O 8. Be3
Bxe3 9. fxe3 f5 10. Nd2 Ng6 11. Nd5 Be6 12. Rf2 Kh8 13. Qb3 Rb8 14. Qc3 Nce7 15.
Raf1 c6 16. Nxe7 Qxe7 17. Bf3 Qg5 18. d4 f4 19. Ne4 Qe7 20. exf4 exf4 21. Bh5
Bh3 22. Qc2 Bxf1 23. Bxg6 hxg6 24. Rxf1 fxg3 25. Nxg3 Qe3+ 26. Kg2 Rxf1 27. Nxf1
Qxd4 28. Qxg6 Rf8 29. Qg3 Qxc4 0-1

[Event "Xtracon Chess Open 2017"]
[Site "Helsingor DEN"]
[Date "2017.07.24"]
[Round "4.127"]
[White "Easwaralingam, Adesh"]
[Black "Fransson, Pia"]
[Result "1/2-1/2"]
[WhiteElo "1941"]
[BlackElo "1482"]
[WhiteFideId "1448552"]
[BlackFideId "1724207"]
[EventDate "2017.07.22"]

1. e4 d5 2. exd5 Qxd5 3. Nc3 Qd8 4. Nf3 Bg4 5. Be2 Nf6 6. h3 Bxf3 7. Bxf3 c6 8.
d4 e6 9. O-O Be7 10. Re1 O-O 11. Ne4 Nbd7 12. c3 Nxe4 13. Bxe4 Nf6 14. Bd3 h6
15. a4 c5 16. dxc5 Bxc5 17. Qc2 a5 18. Rb1 Rc8 19. Qe2 Ba7 20. Qf3 Qd5 21. Be2
Rfd8 22. Rd1 Qxf3 23. Rxd8+ Rxd8 24. Bxf3 Nd5 25. Bd2 Nb4 26. cxb4 Rxd2 27. bxa5
Rxf2 28. Kh1 Bd4 29. b3 Bc3 30. b4 Ra2 31. Bxb7 Rxa4 32. a6 Bxb4 33. Rxb4 Rxb4
34. a7 Ra4 35. a8=Q+ Rxa8 36. Bxa8 f5 37. Kh2 Kf7 38. h4 e5 39. Kh3 Kf6 40. Bc6
g5 41. h5 e4 42. g4 e3 43. Kg3 fxg4 44. Bb5 Kf5 45. Be2 Ke4 46. Kxg4 Ke5 47. Kf3
Kd4 48. Bf1 Kd5 49. Kxe3 Ke5 50. Bd3 Kf6 51. Kd4 g4 52. Ke3 Kg5 53. Bg6 Kh4 54.
Ke2 Kg5 55. Kf1 Kh4 56. Kf2 Kh3 57. Kg1 Kg3 1/2-1/2

[Event "Xtracon Chess Open 2017"]
[Site "Helsingor DEN"]
[Date "2017.07.24"]
[Round "4.128"]
[White "Smeby, Ole"]
[Black "van den Brink, Nienke"]
[Result "1/2-1/2"]
[WhiteElo "1938"]
[BlackElo "1686"]
[WhiteFideId "1503677"]
[BlackFideId "1452568"]
[EventDate "2017.07.22"]

1. d4 b6 2. c4 e6 3. e4 Bb7 4. Bd3 f5 5. Nd2 g6 6. Ngf3 Bg7 7. O-O Ne7 8. Re1
O-O 9. Rb1 Nbc6 10. exf5 Nxf5 11. Bxf5 Rxf5 12. Ne4 Ne7 13. Bg5 Qf8 14. Bh4 Rf4
15. Bxe7 Qxe7 16. d5 Qf8 17. Qb3 Re8 18. Ned2 exd5 19. cxd5 Rxe1+ 20. Rxe1 Rb4
21. Qc2 Qd8 22. b3 Bxd5 23. Qd3 Bf7 24. Ne5 Bxe5 25. Rxe5 Qf6 26. Nf3 d6 27. Re1
Rf4 28. Qa6 Qc3 29. Re3 Qc1+ 30. Ne1 Rf5 31. Qxa7 Qb2 32. Nf3 Ra5 33. Qb8+ Kg7
34. a4 Rc5 35. Ne1 Rc1 36. Qd8 Qd2 37. Qe7 Rc3 38. Rxc3 Qxc3 39. h3 Qc5 40. Nf3
Qc1+ 41. Kh2 Qf4+ 42. Kg1 Qc1+ 43. Ne1 Kg8 44. Qd8+ 1/2-1/2

[Event "Xtracon Chess Open 2017"]
[Site "Helsingor DEN"]
[Date "2017.07.24"]
[Round "4.129"]
[White "Sorensen, Viggo"]
[Black "Degerfeldt, Sven"]
[Result "0-1"]
[WhiteElo "1680"]
[BlackElo "1935"]
[WhiteFideId "1437410"]
[BlackFideId "1717430"]
[EventDate "2017.07.22"]

1. e4 c5 2. Nf3 d6 3. d4 cxd4 4. Nxd4 Nf6 5. Nc3 a6 6. Be3 e6 7. f3 Be7 8. Qd2
b5 9. O-O-O Bb7 10. g4 Nc6 11. h4 Nd7 12. g5 Nxd4 13. Qxd4 O-O 14. Kb1 Ne5 15.
Be2 Nc6 16. Qd2 Qa5 17. a3 Rac8 18. Na2 Qxd2 19. Bxd2 Nd4 20. Bd3 Nxf3 21. Bc3
Ne5 22. Bxe5 dxe5 23. Rhg1 Rfd8 24. Nc1 Rc7 25. Rde1 Rcd7 26. h5 f6 27. gxf6
Bxf6 28. Nb3 Rc7 29. Ref1 Rf8 30. Nd2 Bc6 31. Nf3 Be8 32. h6 g6 33. Nh2 Rcf7 34.
Ng4 Bh8 35. Re1 Rf4 36. c4 Bc6 37. cxb5 axb5 38. Ka2 Rd8 39. Bc2 Kf7 40. Rgf1
Ke7 41. Rxf4 exf4 42. Bb3 e5 43. Rc1 Bd7 44. Nf2 Rc8 45. Rxc8 Bxc8 46. Bg8 Be6+
47. Bxe6 Kxe6 48. Kb3 Bf6 49. Kb4 Bh4 50. Ng4 f3 51. Kxb5 f2 52. Nh2 Bd8 53. a4
Kd6 54. a5 Kc7 55. b4 Kb7 56. Kc4 Bg5 57. Kd5 Bf4 58. Nf1 g5 59. b5 g4 60. a6+
Kb6 61. a7 Kxa7 62. Kc6 Kb8 0-1

[Event "Xtracon Chess Open 2017"]
[Site "Helsingor DEN"]
[Date "2017.07.24"]
[Round "4.130"]
[White "Vestergaard, Jorn"]
[Black "Kocur, Marc"]
[Result "1-0"]
[WhiteElo "1661"]
[BlackElo "1934"]
[WhiteFideId "1419480"]
[BlackFideId "205036"]
[EventDate "2017.07.22"]

1. d4 f5 2. Bg5 d6 3. e3 Nd7 4. c4 Ngf6 5. Nc3 g6 6. Nf3 c6 7. Be2 Bg7 8. Nd2
Qc7 9. Nb3 a5 10. a4 e6 11. h3 O-O 12. Bf4 e5 13. Bh2 Rd8 14. d5 Ne4 15. Nxe4
fxe4 16. Rc1 Rf8 17. dxc6 bxc6 18. Nd2 Nc5 19. Qc2 Bf5 20. g4 Nd3+ 21. Bxd3 exd3
22. Qd1 Be6 23. Ne4 Qf7 24. O-O Qe7 25. Qxd3 Rad8 26. Qe2 Qh4 27. Kg2 d5 28. Bg3
Qe7 29. cxd5 Bxd5 30. Qc2 Bh6 31. Kg1 Rf3 32. Kh2 Rdf8 33. Nd2 Rxg3 34. fxg3
Bxe3 35. Rxf8+ Qxf8 36. Rf1 Qb4 37. Rd1 Bd4 38. b3 Bc3 39. Nc4 e4 40. Rc1 Bd4
41. Qd2 Qxd2+ 42. Nxd2 e3 43. Nc4 Kf7 44. Re1 Bxc4 45. bxc4 Ke6 46. Kg2 Kd6 47.
Kf3 Kc5 48. Rc1 Kb4 49. Ke4 c5 50. Kd3 Kxa4 51. Rb1 Ka3 52. Kc2 a4 53. g5 Ka2
54. h4 a3 55. g4 Bc3 56. Rh1 Be5 57. Re1 Bf4 58. Re2 h6 59. gxh6 Bxh6 60. g5 Bg7
61. Rxe3 Bd4 62. Rh3 Bb2 63. h5 gxh5 64. Rxh5 Ka1 65. g6 Bc1 66. g7 Be3 67. g8=Q
Bd4 68. Qb8 1-0

[Event "Xtracon Chess Open 2017"]
[Site "Helsingor DEN"]
[Date "2017.07.24"]
[Round "4.131"]
[White "Ivarsson, Torbjorn"]
[Black "Narheim, Mats"]
[Result "1-0"]
[WhiteElo "2145"]
[BlackElo "1519"]
[WhiteFideId "1705865"]
[BlackFideId "1518607"]
[EventDate "2017.07.22"]

1. e4 c5 2. Nf3 g6 3. g3 Bg7 4. Bg2 Nc6 5. O-O d6 6. c3 Nf6 7. Qe2 O-O 8. Rd1
Bg4 9. h3 Bd7 10. d3 Qc8 11. Kh2 Qc7 12. a4 a6 13. Be3 b5 14. axb5 axb5 15. Nbd2
Rfb8 16. d4 c4 17. Bf4 e5 18. Be3 exd4 19. Nxd4 Nxd4 20. Bxd4 Bc6 21. e5 Rxa1
22. Rxa1 dxe5 23. Bxe5 Ng4+ 24. hxg4 Bxe5 25. Bxc6 Rb6 26. Nf3 Qxc6 27. Nxe5 Qe8
28. Qe4 Rb8 29. Ra7 Rd8 30. Rxf7 Qe6 31. Ra7 Qe8 32. Qf4 h6 33. Qf6 Qf8 34.
Qxg6+ Kh8 35. Qh7# 1-0

[Event "Xtracon Chess Open 2017"]
[Site "Helsingor DEN"]
[Date "2017.07.24"]
[Round "4.132"]
[White "Rolstad, Morten"]
[Black "Mejvik, Jacob"]
[Result "1-0"]
[WhiteElo "1720"]
[BlackElo "2085"]
[WhiteFideId "1525026"]
[BlackFideId "1710621"]
[EventDate "2017.07.22"]

1. e4 e5 2. Nf3 Nc6 3. Bb5 a6 4. Ba4 Nf6 5. O-O Be7 6. Re1 b5 7. Bb3 d6 8. c3
O-O 9. h3 h6 10. d4 Bb7 11. Nbd2 Re8 12. Nf1 Bf8 13. Ng3 g6 14. a4 Qe7 15. Bc2
exd4 16. cxd4 Nb4 17. Bb1 c5 18. Bd2 Nc6 19. e5 dxe5 20. dxe5 Nd5 21. e6 Kh7 22.
exf7 Qxf7 23. Nh4 Rxe1+ 24. Bxe1 Nce7 25. Qh5 Nf4 26. Qg4 Rd8 27. axb5 Rd4 28.
Bc3 Bc8 29. Qf3 Nxh3+ 30. gxh3 Rf4 31. Qh5 Qe6 32. Nxg6 Nxg6 33. Qxg6+ Qxg6 34.
Bxg6+ Kxg6 35. bxa6 Bxa6 36. Rxa6+ Kf7 37. Kg2 Ke8 38. Bd2 Rc4 39. Bxh6 Bxh6 40.
Rxh6 Rb4 41. Re6+ Kd7 42. Re2 1-0

[Event "Xtracon Chess Open 2017"]
[Site "Helsingor DEN"]
[Date "2017.07.24"]
[Round "4.133"]
[White "Rasmussen, Lars Garne"]
[Black "Christiansen, Torsten Sundgaar"]
[Result "1-0"]
[WhiteElo "1961"]
[BlackElo "1718"]
[WhiteFideId "1406434"]
[BlackFideId "1419714"]
[EventDate "2017.07.22"]

1. e4 g6 2. d4 Nf6 3. e5 Nh5 4. Nf3 d5 5. c4 c6 6. Nc3 Be6 7. Ng5 Ng7 8. h4 h5
9. Be3 Bg4 10. Qb3 f6 11. exf6 exf6 12. Nh3 dxc4 13. Bxc4 Qd7 14. Nf4 Bf5 15.
O-O g5 16. hxg5 fxg5 17. Nd3 Bxd3 18. Bxd3 Be7 19. Bg6+ Kd8 20. Ne4 Rh6 21. Qg8+
Ne8 22. Nxg5 Rxg6 23. Qxg6 Nf6 24. Nf7+ Kc7 25. Ne5 Qe6 26. Bf4 Kb6 27. Rfe1
Nbd7 28. Nd3 Nf8 29. Qg7 Ne4 30. f3 Qf6 31. Qxf6 Nxf6 32. Rxe7 Nd5 33. Re5 Ng6
34. Rf5 Re8 35. Be5 h4 36. Nc5 Nxe5 37. Rxe5 Rxe5 38. Nd7+ 1-0

[Event "Xtracon Chess Open 2017"]
[Site "Helsingor DEN"]
[Date "2017.07.24"]
[Round "4.134"]
[White "Dittrich, Tom"]
[Black "Nesse, David"]
[Result "0-1"]
[WhiteElo "1943"]
[BlackElo "1718"]
[WhiteFideId "12923532"]
[BlackFideId "1519875"]
[EventDate "2017.07.22"]

1. e4 c5 2. Nf3 Nc6 3. d4 cxd4 4. Nxd4 Nf6 5. Nc3 d6 6. f3 e5 7. Nb3 Be7 8. Be3
a5 9. Bb5 O-O 10. Qd2 Na7 11. Bd3 Be6 12. Rd1 Nc8 13. O-O Nb6 14. Qf2 Nc4 15.
Bxc4 Bxc4 16. Rfe1 Ra6 17. Nc5 Rc6 18. Nd5 Nxd5 19. exd5 Rxc5 20. Bxc5 dxc5 21.
b3 Bb5 22. c4 Bd7 23. d6 Bh4 24. g3 Bf6 25. Qxc5 Bc6 26. Kf2 Qc8 27. d7 Bxd7 28.
Qxc8 Bxc8 29. Rd5 b6 30. Rb5 e4 31. Rxe4 Bb7 32. Rf4 Rd8 33. Rxb6 Bc8 34. Rfxf6
gxf6 35. Rb8 a4 36. b4 Kf8 37. b5 Ke7 38. b6 Ba6 39. Rxd8 Kxd8 40. c5 a3 41. Ke3
Bc4 42. Kd4 Bxa2 43. c6 Be6 44. Kc5 a2 45. Kd6 a1=Q 46. b7 Qd4# 0-1